000 00368nam a2200133 i 4500
001 bg
245 0 _aDoskonalenie procesu dydaktyczno-wychowawczego :
_bIII Konferencja Dydaktyczna : (obrady w sekcjach).
260 _aLublin,
_c1985.
040 _cBPK
041 _apol
080 _a378.662:371.3](061.3)
942 _cKS
008 s pl f |000 0 pol
999 _c23976
_d23976
856 _uhttp://koha.tu.koszalin.pl/cgi-bin/koha/opac-detail.pl?biblionumber=23976
_yKatalog online BPK